<?xml version="1.0" encoding="UTF-8"?>
<record
    xmlns:xsi="http://www.w3.org/2001/XMLSchema-instance"
    xsi:schemaLocation="http://www.loc.gov/MARC21/slim http://www.loc.gov/standards/marcxml/schema/MARC21slim.xsd"
    xmlns="http://www.loc.gov/MARC21/slim">

  <leader>02754cam a2200277   4500500</leader>
  <controlfield tag="005">20251228072514.0</controlfield>
  <datafield tag="041" ind1=" " ind2=" ">
    <subfield code="a">fre</subfield>
  </datafield>
  <datafield tag="042" ind1=" " ind2=" ">
    <subfield code="a">dc</subfield>
  </datafield>
  <datafield tag="100" ind1="1" ind2="0">
    <subfield code="a">Bittolo, Christophe</subfield>
    <subfield code="e">author</subfield>
  </datafield>
  <datafield tag="245" ind1="0" ind2="0">
    <subfield code="a">Ph&#xE9;nom&#xE8;nes d&#x2019;embo&#xEE;tements dans les groupes&#xA0;: aspects cliniques et m&#xE9;thodologiques</subfield>
  </datafield>
  <datafield tag="260" ind1=" " ind2=" ">
    <subfield code="c">2018.
							</subfield>
  </datafield>
  <datafield tag="500" ind1=" " ind2=" ">
    <subfield code="a">44</subfield>
  </datafield>
  <datafield tag="520" ind1=" " ind2=" ">
    <subfield code="a">Ce travail se propose de montrer comment et &#xE0; quelles conditions un groupe de recherche peut constituer un outil d&#x2019;exploration de la vie psychique et un lieu favorable &#xE0; l&#x2019;&#xE9;mergence et l&#x2019;analyse des ph&#xE9;nom&#xE8;nes d&#x2019;embo&#xEE;tement. Il est bas&#xE9; sur l&#x2019;exp&#xE9;rience d&#x2019;un groupe men&#xE9; pendant plusieurs ann&#xE9;es par Oph&#xE9;lia Avron et &#xC9;dith Lecourt dans le cadre de la sfppg. Apr&#xE8;s avoir pr&#xE9;cis&#xE9; le dispositif m&#xE9;thodologique, deux moments cliniques nous permettent de distinguer diff&#xE9;rents mouvements en jeu dans ces ph&#xE9;nom&#xE8;nes et d&#x2019;interroger aussi bien les processus groupaux sous-jacents que la m&#xE9;thodologie par laquelle nous y avons acc&#xE8;s.</subfield>
  </datafield>
  <datafield tag="520" ind1=" " ind2=" ">
    <subfield code="a">This article sets out to show how, and on what conditions, a research group can constitute a tool for exploring psychic life and a space favourable to the emergence and analysis of interlocking phenomena. It is based on the experience of a group conducted during several years by Ophelia Avron and Edith Lecourt in the context of the sfppg. After clarifying the methodological approach, two clinical moments make it possible to distinguish different movements at play in these phenomena and to examine both the underlying group processes and the methodology used to gain access to them.</subfield>
  </datafield>
  <datafield tag="520" ind1=" " ind2=" ">
    <subfield code="a">Este trabajo se propone mostrar c&#xF3;mo y en qu&#xE9; condiciones un grupo de investigaci&#xF3;n puede constituir un &#xFA;til de exploraci&#xF3;n de la vida ps&#xED;quica y un v&#xED;nculo favorable a la emergencia y al an&#xE1;lisis de fen&#xF3;menos de encajamiento. Est&#xE1; basado en la experiencia de un grupo conducido por Oph&#xE9;lia Avron y &#xC9;dith Lecourt en el marco de la sfppg. Despu&#xE9;s de haber precisado el dispositivo metodol&#xF3;gico, dos momentos cl&#xED;nicos nos permiten distinguir diferentes movimientos en juego en estos fen&#xF3;menos e interrogar tanto los procesos grupales subyacentes como la metodolog&#xED;a por la que accedemos.</subfield>
  </datafield>
  <datafield tag="690" ind1=" " ind2=" ">
    <subfield code="a">ambiances</subfield>
  </datafield>
  <datafield tag="690" ind1=" " ind2=" ">
    <subfield code="a">Dispositif de recherche</subfield>
  </datafield>
  <datafield tag="690" ind1=" " ind2=" ">
    <subfield code="a">embo&#xEE;tement psychique</subfield>
  </datafield>
  <datafield tag="690" ind1=" " ind2=" ">
    <subfield code="a">observation participante</subfield>
  </datafield>
  <datafield tag="690" ind1=" " ind2=" ">
    <subfield code="a">ambiances</subfield>
  </datafield>
  <datafield tag="690" ind1=" " ind2=" ">
    <subfield code="a">participant observation</subfield>
  </datafield>
  <datafield tag="690" ind1=" " ind2=" ">
    <subfield code="a">psychic interlocking</subfield>
  </datafield>
  <datafield tag="690" ind1=" " ind2=" ">
    <subfield code="a">Research setting</subfield>
  </datafield>
  <datafield tag="786" ind1="0" ind2=" ">
    <subfield code="n">Revue de psychoth&#xE9;rapie psychanalytique de groupe | 71 | 2 | 2018-11-20 | p. 167-176 | 0297-1194</subfield>
  </datafield>
  <datafield tag="856" ind1="4" ind2="1">
    <subfield code="u">https://shs.cairn.info/revue-de-psychotherapie-psychanalytique-de-groupe-2018-2-page-167?lang=fr&amp;redirect-ssocas=7080</subfield>
  </datafield>
  <datafield tag="999" ind1=" " ind2=" ">
    <subfield code="c">1594111</subfield>
    <subfield code="d">1594111</subfield>
  </datafield>
</record>
